000 00691nam a2200205Ia 4500
001 9110
003 GE_BSU
008 181216s||||||||xx |||||||||||||| ||und||
040 _cGE_BSU
080 _a821.353.1–1
100 _aლებანიძე,მურმან
245 _aრჩეული ლირიკა
245 _cრედ.ოთარ ჭელიძე.მხატვ. გოგი წერეთელი
260 _aთბილისი
260 _bსაბჭოთა საქართველო
260 _c1977
300 _a574გვ.1ფ.პორტრეტი.20სმ.
653 _aრჩეული ლირიკა
942 _cBK
999 _c42414
_d42414